LEADER 00860nam a2200241 4500 001 000000331024 003 CaOOAMICUS 005 20211028152610.0 008 181105s1986 it 000 u ita r 040 $aSeMil$bita 100 1 $aAlberoni, Francesco,$d<1929-2023>.$0(OLS)http://semarc/name/7374 245 12$aL'erotismo /$cFrancesco Alberoni. 250 $a2. ed. 264 1$aMilano :$bGarzanti,$c1986. 300 $a255 p. ;$c21 cm 490 1 $aSaggi blu 650 4$aErotismo.$0(OLS)http://semarc/subject/47797 830 0$aSaggi blu.$0(OLS)http://semarc/title/7183 850 $aSeMil 852 $aSeMil$W1$xVenegono$y1$m2O II 509$j210682$B223502$CSeMilBibl$Z2$F223502 $81 996 $6245$aL'erotismo$9(OLS)http://semarc/title/177769 996 $6264$aMilano :$bGarzanti$9(OLS)http://semarc/publisher/29852 LEADER 01328nam a2200229 4500 001 000000341522 003 CaOOAMICUS 005 20200817095142.0 008 200817s1815 it a 000 u ita r 026 $asae, oeel .)o. Neca (3) 1815 (A) 040 $aSeMil$bita 245 00$aTomo 1. 264 1$aMilano :$bDalla Tipografia Sonzogno e Comp.,$c1815. 300 $aXXVIII, 236, [28] p., [5] carte di tav. :$bill. color. ;$c8° 700 11$aLa Pérouse, Jean-François : de Galaup,$c.$0(OLS)http://semarc/name/111929 773 0 $aLa Pérouse, Jean-François : de Galaup $tViaggio di La Pérouse intorno al mondo tradotto dal cav. Angelo Petracchi, con note del medesimo e con tavole in rame colorate. Tomo 1. [-4.].$dMilano : Dalla Tipografia Sonzogno e Comp., 1815.$kRaccolta de' viaggi piu interessanti eseguiti nelle varie parti del mondo tanto per terra quanto per mare dopo quelli del celebre Cook, e non pubblicati fin ora in lingua italiana$g1$w()341521 850 $aSeMil 852 $aSeMil$W1$xVenegono$y1$m3XH II 5 FA$j220650$B232524$CSeMilBibl$Z2$F232524 $8I 941 1 $a10 996 $6245$aTomo 1$9(OLS)http://semarc/title/46685 996 $6264$aMilano :$bDalla Tipografia Sonzogno e Comp.$9(OLS)http://semarc/publisher/58582